00802 a2200385 4500000002100000001000700021005001700028008004100045010000500086020000500091082001700096100002300113110000500136245010900141250000500250260004000255300001000295490000700305500000500312600000500317610000500322611000500327630000500332650000500337651000500342654000500347700002100352710000900373711000500382720000500387730000500392740000500397752000500402856000900407BKB 07089620200902150908.0  a a a339.22bK67S1 akleiber, Christian a1 aStatistical size distributions in economics and actuarial sciencescby Christian kleiber and Samuel Kotz a aNew JerseybJohn Wiley & Sonsc2003 a325p. av a a a a a a a a aKotz, Samuelbc abc a a a a a adf